Library Logo

گفتنی وناگفتنی، مصنفۂ آغا شور س کا شمیری / (Record no. 245473)

000 -LEADER
fixed length control field 00540nam a22001697a 4500
003 - CONTROL NUMBER IDENTIFIER
control field BD-DhUL
005 - DATE AND TIME OF LATEST TRANSACTION
control field 20210906143228.0
008 - FIXED-LENGTH DATA ELEMENTS--GENERAL INFORMATION
fixed length control field 181226snd. pk ||||| |||| 00| 0 urd d
040 ## - CATALOGING SOURCE
Original cataloging agency BD-DhUL
Transcribing agency BD-DhUL
082 ## - DEWEY DECIMAL CLASSIFICATION NUMBER
Classification number 891.431
Item number SHG
100 0# - MAIN ENTRY--PERSONAL NAME
Personal name شورش کشمیری
Dates associated with a name
245 10 - TITLE STATEMENT
Title گفتنی وناگفتنی، مصنفۂ آغا شور س کا شمیری /
Statement of responsibility, etc. شورش کشمیری
Remainder of title
260 ## - PUBLICATION, DISTRIBUTION, ETC. (IMPRINT)
Place of publication, distribution, etc. لاهور :
Name of publisher, distributor, etc. مطبوعات چئان،
Date of publication, distribution, etc. ۔
300 ## - PHYSICAL DESCRIPTION
Extent ص۔ ۲۲۲ ؛
Dimensions ۲۴ سم۔
650 #4 - SUBJECT ADDED ENTRY--TOPICAL TERM
Topical term or geographic name as entry element Urdu poetry
942 ## - ADDED ENTRY ELEMENTS (KOHA)
Source of classification or shelving scheme
Koha item type Books
Holdings
Price effective from Date last seen Permanent Location Not for loan Date acquired Source of classification or shelving scheme Koha item type Lost status Withdrawn status Copy number Source of acquisition Collection code Damaged status Shelving location Barcode Current Location Full call number
2018-12-272018-12-27Dhaka University Library 2018-12-27 Books  1purchasedNon Fiction General Stacks67468(D)Dhaka University Library891.431 SHG
Last Updated on September 15, 2019
© Dhaka University Library. All Rights Reserved|Staff Login